| 000 | 00803cam a22002651 4500 | ||
|---|---|---|---|
| 001 | sa 66003960 | ||
| 003 | DLC | ||
| 005 | 20260227112239.0 | ||
| 008 | 840213s1964 pk b 000 0 eng | ||
| 010 | _asa 66003960 | ||
| 025 | _aPL480:P-E-834 | ||
| 035 | _a(OCoLC)10408025 | ||
| 040 |
_aDLC _cNBuU _dDLC |
||
| 042 | _apremarc | ||
| 050 | 0 | 0 |
_aZ695.1.P4 _bK5 |
| 100 | 1 | _aKhurshid, Anis. | |
| 245 | 1 | 0 | _aCataloguing of Pakistani names. |
| 260 |
_a[Karachi] _c1964. |
||
| 300 |
_a42, xviii p. _c27 cm. |
||
| 490 | 1 | _aUniversity of Karachi Library Science Dept. Occasional papers | |
| 504 | _aBibliography: p. xii-xiv. | ||
| 650 | 0 |
_aNames, Personal _zPakistan. |
|
| 650 | 0 | _aNames, Personal (Cataloging) | |
| 810 | 2 |
_aUniversity of Karachi. _bDepartment of Library Science. _tOccasional papers. |
|
| 999 |
_c69196 _d69196 |
||